Дело о помещике Киевской губернии графе Константине Плятере

Доступно только в Электронных читальных залах Найти на картеНа карте
RUSMARC
00003669nmc2a22000003x 450
001e722cea0-6277-4e8b-b161-2e810ba33ade
00520210316102431.0
100##$a20181212l18671880k l0rusy0189 ca
1010#$arus
102##$aRU
2001#$aДело о помещике Киевской губернии графе Константине Плятере
$j17 мая 1867 г. - 9 марта 1880 г.
251##$cДело
300##$aДело
801#0$aRU
$bРГИА
$c20181212
$gRCR
801#1$aRU
$bГлавНИВЦ
$c20181212
$2rusmarc
801#2$aRU
$bПБ им. Б.Н. Ельцина
$c20210316
$gRCR
$2rusmarc
850##$aРГИА
852##$aРГИА
$eФедеральное казенное учреждение "Российский государственный исторический архив" (РГИА)
$j1234
937##$hРГИА
$d12296406
$aASBIBLIO_SCAN
462#0$100191353b96-cc3d-4f24-9eeb-3bfef1665a95
$12001
$aДела Департамента полиции исполнительной МВД за 1867 год
$1251
$cОпись
$1852
$j28
$l1867 г.
461#0$10013e300ed0-cd39-49af-8489-5ba5b90fa401
$12001
$aДепартамент полиции исполнительной МВД
$1251
$cФонд
$1852
$j1286
215##$a28 л.
$d36,5х26 см
371##$aДокумент не является опубликованным и широко распространяемым
105##$ay###
1222#$ad
035##$ae722cea0-6277-4e8b-b161-2e810ba33ade
856##$uhttp://readingroom.main.prlib.ru/item.aspx?id_node=n158851978&mode=full
Формат отображения